01225 a2200217 4500003000500000005001700005020002400022040000900046082001200055100002100067245008700088250001100175260005400186300001500240505055400255538003300809650003500842942000800877999001900885952010300904Nust20170207154103.0 a81-203-23149(case-) cNust a621.381 aTocci, Ronald J. aDigital systems :bprinciples and applications /cRonald J. Tocci, Neal S. Widmer. a8th ed aUpper Saddle River, N.J. :bPrentice Hall,cc2001 axxiv,881p; aIntroductory to Concepts (Page-2) Number Systems and Cods (Page-24) Logic Gates and Boolean Algebra (Page-56) Combinational Logic Circuits (Page-112) Flip Flops and Related Devices (Page-180) Digital Arithmetic :Operations and Circuits (Page-262) Counters and Register (Page-318) Integrated Circuits Logic Families (Page-414) MSI Logic Circuits (Page-510) Interfacing with the Analog World (Page-602) Memory Devices (Page-670) Application of a Programmable Logic Devices (Page-772) Introduction to the Microprocessor and Microcomputers (Page-804)  aAlmirah No.24 and Shelf No.6 aTelecommunication Engineering. cREF c193650d193650 00102ddc40708NFICaMCSbMCSd2016-12-12l0o621.381 TOCpMCS31175r2016-12-08w2016-12-12yBK